[Event "Wch U16"]
[Site "Kemer"]
[Date "2007.11.21"]
[Round "4"]
[White "Davletbakov, Saddam"]
[Black "Cabrera Trujillo, Jorge Juan"]
[Result "1/2-1/2"]
[WhiteElo "2174"]
[BlackElo "2317"]
[PlyCount "67"]
[EventDate "2007.11.18"]
[EventType "swiss"]
[EventRounds "11"]
[EventCountry "TUR"]
[SourceTitle "CBM 121 Extra"]
[Source "ChessBase"]
[SourceDate "2008.01.10"]
[SourceVersion "1"]
[SourceVersionDate "2008.01.10"]
[SourceQuality "1"]

1. d4 Nf6 2. c4 g6 3. Nc3 Bg7 4. g3 0-0 5. Bg2 d6 6. Nf3 Nbd7 7. 0-0 e5 8. e4 exd4 9. Nxd4 a6 10. b3 Rb8 11. Bb2 Re8 12. Re1 c5 13. Nc2 b5 14. cxb5 Ne5 15. h3 c4 16. Nb4 axb5 17. Kh1 Qb6 18. Qe2 Qc5 19. a3 cxb3 20. Rac1 Qc4 21. Qd2 Qe6 22. Ncd5 Nc4 23. Rxc4 bxc4 24. Nc7 Qd7 25. Nxe8 Qxe8 26. e5 dxe5 27. Bxe5 Be6 28. Bxb8 Qxb8 29. Nc6 Qc7 30. Qb4 Nd7 31. Rxe6 fxe6 32. Qxc4 b2 33. Qxe6+ Kh8 34. Be4 1/2-1/2